000 00649nam a2200229Ia 4500
003 GCL
008 140319s9999 xx 000 0 ara d
040 _aGCL /
_cGCL
082 0 4 _aق
_b962.3
_bص ن
100 1 _aصدقى ربيع
245 1 0 _aالنوبة بين القديم والجديد /
_cصدقى ربيع
260 _a[S.N] :
_bالدار القومية للطباعة والنشر
300 _a110 ص
490 _a
650 0 4 _aالعصر الحديث
650 0 4 _aمصر
650 0 4 _aتاريخ
650 0 4 _aالعادات والتقاليد
650 0 4 _aالسودان
650 0 4 _aالنوبة
942 _2ddc
_cBK
999 _c36442
_d36442